00207nam a2200097Ia 4500100001800000654001300018245001300031260003500044082001800079546001200097 aRyder/John D  anetworks aNetworks bprentice hallaNew Delhic1988 a621.3192bRYD aENGLISH